Holy Ghost girl : a memoir / Donna M. Johnson.
Available copies
- 1 of 1 copy available at LARL/NWRL Consortium.
- 1 of 1 copy available at Northwest Regional Library. (Show preferred library)
Current holds
0 current holds with 1 total copy.
View other formats and editions
Show Only Available Copies
| Location | Call Number / Copy Notes | Barcode | Shelving Location | Status | Due Date |
|---|---|---|---|---|---|
| Thief River Falls Public Library | 921 JOH (Text) | 35500005020423 | Main | Available | - |
Record details
- ISBN: 9781592406302
- ISBN: 1592406300
- Physical Description: 278 p. ; 22 cm.
- Publisher: New York : Gotham Books, c2011.
Content descriptions
| Bibliography, etc. Note: | Includes bibliographical references. |
| Summary, etc.: | A compassionate, humorous story of faith, ... Read More |
Search for related items by subject
| Subject: | Johnson, Donna M. > Childhood and youth. Children of clergy > United States > Biography. Terrell, David (David R.) Evangelists > United States > Biography. Camp meetings > United States. |
| LDR | 01792cam a2200385 a 4500 | ||
|---|---|---|---|
| 001 | 136618 | ||
| 003 | LARL_NWRL_CONSORTIUM | ||
| 005 | 20111102133723.0 | ||
| 008 | 110315s2011 nyu b 000 0beng | ||
| 010 | . | ‡a2011010123 | |
| 020 | . | ‡a9781592406302 | |
| 020 | . | ‡a1592406300 | |
| 035 | . | ‡a(OCoLC)671703575 | |
| 040 | . | ‡aDLC ‡cDLC ‡dYDX ‡dBTCTA ‡dYDXCP ‡dJAO ‡dILC ‡dBWX ‡dVP@ | |
| 043 | . | ‡an-us--- | |
| 050 | 0 | 0. | ‡aBV3785.T37 ‡bJ64 2011 |
| 082 | 0 | 0. | ‡a269/.2092 ‡aB ‡222 |
| 100 | 1 | . | ‡aJohnson, Donna M. |
| 245 | 1 | 0. | ‡aHoly Ghost girl : ‡ba memoir / ‡cDonna M. Johnson. |
| 260 | . | ‡aNew York : ‡bGotham Books, ‡cc2011. | |
| 300 | . | ‡a278 p. ; ‡c22 cm. | |
| 504 | . | ‡aIncludes bibliographical references. | |
| 520 | . | ‡aA compassionate, humorous story of faith, betrayal, and coming of age on the evangelical sawdust trail. Johnson was just three years old when her mother signed on as the organist for ten revivalist David Terrell. She brings to life miracles, exorcisms, and face-offs with the Ku Klux Klan-- and that's just what went on under the tent. | |
| 600 | 1 | 0. | ‡aJohnson, Donna M. ‡xChildhood and youth. |
| 650 | 0. | ‡aChildren of clergy ‡zUnited States ‡vBiography. | |
| 600 | 1 | 0. | ‡aTerrell, David ‡q(David R.) |
| 650 | 0. | ‡aEvangelists ‡zUnited States ‡vBiography. ‡0(LARL_NWRL_CONSORTIUM)164869 | |
| 650 | 0. | ‡aCamp meetings ‡zUnited States. | |
| 948 | . | ‡hNO HOLDINGS IN LAL - 232 OTHER HOLDINGS | |
| 994 | . | ‡aZ0 ‡bLAL | |
| 901 | . | ‡a136618 ‡bOCLC ‡c136618 ‡tbiblio | |

Add to basket
Permalink
Disable Highlighting